Dreams from my father : (Record no. 431)

MARC details
000 -LEADER
fixed length control field 00972cam a2200301 a 4500
005 - DATE AND TIME OF LATEST TRANSACTION
control field 20260322212019.0
008 - FIXED-LENGTH DATA ELEMENTS--GENERAL INFORMATION
fixed length control field data
010 ## - LIBRARY OF CONGRESS CONTROL NUMBER
LC control number 2007271892
020 ## - INTERNATIONAL STANDARD BOOK NUMBER
International Standard Book Number 9780307383419
020 ## - INTERNATIONAL STANDARD BOOK NUMBER
International Standard Book Number 0307383415
040 ## - CATALOGING SOURCE
Original cataloging agency DLC
Transcribing agency DLC
043 ## - GEOGRAPHIC AREA CODE
Geographic area code n-us---
050 00 - LIBRARY OF CONGRESS CALL NUMBER
Classification number E185.97.O23
Item number A3 2007
082 00 - DEWEY DECIMAL CLASSIFICATION NUMBER
Classification number B
-- B
Edition information 22
001 - CONTROL NUMBER
control field data
100 1# - MAIN ENTRY--PERSONAL NAME
Personal name Obama, Barack.
245 10 - TITLE STATEMENT
Title Dreams from my father :
Remainder of title a story of race and inheritance /
Statement of responsibility, etc. Barack Obama.
250 ## - EDITION STATEMENT
Edition statement 1st ed.
260 ## - PUBLICATION, DISTRIBUTION, ETC.
Place of publication, distribution, etc. New York :
Name of publisher, distributor, etc. Crown Publishers,
Date of publication, distribution, etc. [2007], c2004.
300 ## - PHYSICAL DESCRIPTION
Extent xvii, 442 p. ;
Dimensions 25 cm.
500 ## - GENERAL NOTE
General note Originally published: New York : Times Books, c1995. With new introd.
500 ## - GENERAL NOTE
General note This edition appears without the keynote address to the Democratic Convention, 2004.
600 10 - SUBJECT ADDED ENTRY--PERSONAL NAME
Personal name Obama, Barack.
650 #0 - SUBJECT ADDED ENTRY--TOPICAL TERM
Topical term or geographic name entry element African Americans
Form subdivision Biography.
650 #0 - SUBJECT ADDED ENTRY--TOPICAL TERM
Topical term or geographic name entry element Racially mixed people
Geographic subdivision United States
Form subdivision Biography.
650 #0 - SUBJECT ADDED ENTRY--TOPICAL TERM
Topical term or geographic name entry element Racism
Geographic subdivision United States.
651 #0 - SUBJECT ADDED ENTRY--GEOGRAPHIC NAME
Geographic name United States
General subdivision Race relations.
Holdings
Withdrawn status Lost status Damaged status Not for loan Home library Current library Shelving location Date acquired Total checkouts Full call number Barcode Date last seen Price effective from Koha item type
        Centerville Centerville General stacks 22/03/2026   973/.04960730092 B 22 BC0010442 22/03/2026 22/03/2026 Books